La Microélectronique

Saved in:
Bibliographic Details
Main Author: Guillien, Robert
Format: Book
Language:Undetermined
Published: Paris Presses Universitaires De France 1969
Subjects:
Tags: Add Tag
No Tags, Be the first to tag this record!
Institutions: Trung tâm Học liệu Trường Đại học Cần Thơ
LEADER 00480nam a2200181Ia 4500
001 CTU_85194
008 210402s9999 xx 000 0 und d
082 |a 621.381 
082 |b G959 
100 |a Guillien, Robert 
245 0 |a La Microélectronique 
245 0 |c Robert Guillien 
260 |a Paris 
260 |b Presses Universitaires De France 
260 |c 1969 
650 |a Microelectronics 
904 |i Năm 
980 |a Trung tâm Học liệu Trường Đại học Cần Thơ